| 000 | 00992nam a2200289 a 4500 | ||
|---|---|---|---|
| 001 | 69858 | ||
| 003 | BD-RjUL | ||
| 005 | 20211209081932.0 | ||
| 008 | 170413s1956 nyua b 001 0 eng d | ||
| 035 | _a(BD-RjUL)70070 | ||
| 040 |
_aDLC/ICU _cCGU _dBD-RjUL _beng |
||
| 041 | _aeng | ||
| 082 | 0 |
_a675.2 _223 _bCHE 1956 |
|
| 245 | 1 | 4 |
_aThe chemistry and technology of leather / _cedited by Fred O'Flaherty, William T. Roddy, and Robert M. Lollar. |
| 260 |
_aNew York : _bReinhold, _c1956. |
||
| 300 |
_aV. : _bill. ; _c24 cm. |
||
| 490 | 1 |
_aAmerican Chemical Society. Monograph series, _vno. 134 |
|
| 504 | _aIncludes bibliographies and Index. | ||
| 505 | _aV.-1--preparation for tannage | ||
| 650 |
_aProcessing of natural leather _9206897 |
||
| 700 | 1 |
_aO'Flaherty, Fred _9206898 |
|
| 700 | 1 |
_aRoddy, William T. _9206899 |
|
| 700 | 1 |
_aLollar, Robert M. _9206900 |
|
| 830 | 0 |
_aMonograph series (American Chemical Society) ; _vno. 134. _9164985 |
|
| 942 |
_2ddc _cBK |
||
| 999 |
_c69858 _d69858 |
||